[Event "Titled Tuesday intern op 04th Feb Late"]
[Site "Chess.com INT"]
[Date "2025.02.04"]
[Round "7"]
[White "Fawzy, Adham"]
[Black "Woodward, Andy"]
[Result "1-0"]
[WhiteElo "2513"]
[BlackElo "2544"]
[PlyCount "115"]
[EventDate "2025.02.04"]
[EventType "swiss (blitz)"]
[EventRounds "11"]
[EventCountry "USA"]
[SourceTitle "CB07_2025"]
[SourceDate "2025.02.12"]
[SourceVersion "1"]
[SourceVersionDate "2025.02.12"]
[SourceQuality "1"]

1. e4 e5 2. Nf3 Nc6 3. Bb5 a6 4. Bxc6 dxc6 5. 0-0 f6 6. d4 exd4 7. Nxd4 Ne7 8. Bf4 Ng6 9. Bg3 Bc5 10. Nb3 Qxd1 11. Rxd1 Bb6 12. Nc3 Bd7 13. Na4 0-0-0 14. Nxb6+ cxb6 15. f3 c5 16. Nd2 Be6 17. b3 Kd7 18. Nc4+ Kc6 19. Ne3 h5 20. h4 Ne7 21. c4 b5 22. Nd5 Nc8 23. Rac1 bxc4 24. bxc4 Rd7 25. Rb1 b5 26. Rdc1 bxc4 27. Rxc4 Bxd5 28. exd5+ Rxd5 29. Ra4 Rdd8 30. Rxa6+ Kd5 31. Ra5 Ne7 32. Rd1+ Ke6 33. Re1+ Kf7 34. Ra7 Rhe8 35. Rc7 Rd5 36. Bf2 c4 37. Bc5 Re5 38. Rxe5 fxe5 39. Kf1 Ke6 40. Bxe7 Rxe7 41. Rxe7+ Kxe7 42. Ke2 Kd6 43. Kd2 e4 44. fxe4 Ke5 45. Kc3 g5 46. hxg5 h4 47. a4 Kxe4 48. g6 h3 49. gxh3 Ke5 50. g7 Kd5 51. g8Q+ Kc5 52. Qxc4+ Kb6 53. Qb5+ Ka7 54. Kc4 Ka8 55. Kc5 Ka7 56. Kc6 Ka8 57. Kc7 Ka7 58. Qa5# 1-0